Historia de la Iglesia en la edad antigua / (Record n. 29117)

Dettagli MARC
000 -LEADER
fixed length control field 01234cam a2200289 i 4500
003 - CONTROL NUMBER IDENTIFIER
control field IT-RoINE
005 - DATE AND TIME OF LATEST TRANSACTION
control field 20221124105251.0
008 - FIXED-LENGTH DATA ELEMENTS--GENERAL INFORMATION
fixed length control field 901213s1989 sp r | spa d
020 ## - INTERNATIONAL STANDARD BOOK NUMBER
International Standard Book Number 8470092979
040 ## - CATALOGING SOURCE
Original cataloging agency SpMaBN
Transcribing agency SpMaBN IT-RoINE
Modifying agency IT-RoINE
100 1# - MAIN ENTRY--PERSONAL NAME
Personal name González Novalín, José Luis,
Dates associated with a name 1929-2020
9 (RLIN) 21669
245 10 - TITLE STATEMENT
Title Historia de la Iglesia en la edad antigua /
Statement of responsibility, etc José Luis González Novalín. Historia de la Iglesia en la edad media / Alberto Pacho Polvorinos
260 ## - PUBLICATION, DISTRIBUTION, ETC. (IMPRINT)
Place of publication, distribution, etc Burgos :
Name of publisher, distributor, etc Aldecoa,
Date of publication, distribution, etc D.L. 1989.
300 ## - PHYSICAL DESCRIPTION
Extent 429 p. ;
Dimensions 24 cm.
336 ## - CONTENT TYPE
Source rdacontent
Content type term text
337 ## - MEDIA TYPE
Source rdamedia
Media type term unmediated
338 ## - CARRIER TYPE
Source rdacarrier
Carrier type term volume
500 ## - GENERAL NOTE
General note Precede al tít.: Instituto de Teología a Distancia
500 ## - GENERAL NOTE
General note En la portada: Para uso de los alumnos.
500 ## - GENERAL NOTE
General note En el lomo: 12
504 ## - BIBLIOGRAPHY, ETC. NOTE
Bibliography, etc Incluye referencias bibliográficas.
650 #4 - SUBJECT ADDED ENTRY--TOPICAL TERM
Topical term or geographic name as entry element Iglesia
Chronological subdivision 600-1500 (Edad media)
9 (RLIN) 52574
General subdivision Historia
650 #4 - SUBJECT ADDED ENTRY--TOPICAL TERM
Topical term or geographic name as entry element Iglesia
Chronological subdivision ca. 30-600 (Iglesia primitiva)
9 (RLIN) 44547
General subdivision Historia
700 1# - ADDED ENTRY--PERSONAL NAME
Personal name Pacho Polvorinos, Alberto.
Title of a work Historia de la Iglesia en la edad media
9 (RLIN) 57183
710 2# - ADDED ENTRY--CORPORATE NAME
9 (RLIN) 3158
Corporate name or jurisdiction name as entry element Facultad de Teología del Norte de España (Burgos y Vitoria, España).
Subordinate unit Instituto de Teología a Distancia
942 ## - ADDED ENTRY ELEMENTS (KOHA)
Item type Monografías
Dati di copia
Withdrawn status Lost status Damaged status Not for loan Home library Current library Date acquired Total Checkouts Full call number Barcode Date last seen Price effective from Koha item type
        Iglesia Nacional Española en Roma Iglesia Nacional Española en Roma 13/02/2019   NOVALÍN 1585 NOV-1735 13/02/2019 13/02/2019 Monografías